| 000 | 00439 a2200157 4500 | ||
|---|---|---|---|
| 020 | _a 9693518950 | ||
| 040 |
_aDLC _bDLC |
||
| 082 | _a910.4 | ||
| 100 | _aTarar, Mustansar Hussain. | ||
| 245 |
_aGhaar-i-Hira main aik raat _cMustansar Hussain,Tarar |
||
| 260 |
_aLahore: _bSag-e-Meel Publications, _c2006. |
||
| 300 |
_a 296 p. ; _c 24 cm. |
||
| 500 | _aIncludes Index | ||
| 650 | _aUrdu Literature--Travelogue. | ||
| 942 |
_cBK _k910.4 TAR _2ddc |
||
| 999 |
_c5104 _d5104 |
||